100 Personnages de One Piece - Statistiques

Statistiques générales
  • Ce quiz a été pris 1 288 fois
    1 281 depuis la dernière actualisation
  • Le résultat moyen est 52 sur 100
Statistiques - réponses
Réponse % Correct
1 Luffy
100%
3 Nami
99%
2 Zoro
99%
5 Sanji
98%
6 Chopper
96%
7 Robin
96%
9 Brook
95%
8 Franky
95%
4 Usopp
94%
49 Ace
85%
62 Shanks
85%
47 Barbe Blanche
84%
83 Doflamingo
83%
52 Big Mom
82%
57 Kaido
82%
20 Law
82%
15 Crocodile
81%
30 Garp
80%
75 Sabo
79%
33 Aokiji
76%
11 Mihawk
76%
31 Akainu
75%
17 Baggy
75%
13 Kuma
74%
16 Moria
74%
74 Dragon
73%
34 Kizaru
73%
48 Marco
73%
44 Roger
69%
53 Katakuri
68%
29 Sengoku
68%
14 Boa Hancock
67%
35 Vivi
66%
10 Jimbe
65%
45 Rayleigh
64%
58 King
63%
59 Queen
62%
19 Killer
61%
32 Fujitora
60%
25 Bonney
59%
36 Smoker
56%
82 Hawk
55%
27 Koby
55%
22 Urouge
54%
80 Ivankov
53%
60 Jack
53%
71 Kinemon
52%
65 Yasopp
52%
39 Lucci
51%
99 Momonosuke
51%
23 Hawkins
50%
50 Joz
50%
37 Tashigi
50%
51 Vista
50%
55 Cracker
49%
66 Marshall D Teach
49%
78 Ener
48%
24 Appo
47%
12 Capone
47%
40 Kaku
47%
54 Smoothie
47%
81 Koala
46%
63 Ben Beckmann
45%
26 Drake
45%
28 Hermep
45%
21 Bepo
43%
98 Yamato
43%
85 Corazon
40%
56 Perospero
40%
43 Kalifa
36%
88 Diamante
34%
86 Trébol
34%
68 Burgess
32%
94 Ulti
31%
64 Lucky Roux
30%
42 Blueno
29%
67 Shiliew
29%
87 Sugar
29%
97 Black Maria
28%
95 Page One
28%
84 Vergo
28%
61 Who's Who
28%
41 Jabura
27%
100 Laboon
26%
46 Gaban
24%
69 Laffitte
22%
96 Sasaki
22%
18 Captain Kid
20%
38 Hina
20%
72 Denjiro
15%
90 Tama
15%
92 Hiyori
14%
77 Karasu
14%
79 Morley
14%
76 Belo Betty
13%
73 Kawamatsu
12%
89 Dellinger
10%
70 Oden Kozuki
10%
93 Shinobu
7%
91 Speed
6%
Aucun quiz correspondant
Distribution des résultats
% des personnes avec chaque résultat
Percentile par nombre de réponses
Votre historique - résultats
Vous n’avez pas pris ce quiz depuis la dernière actualisation